Corrosión y protección / (Record no. 135228)

MARC details
000 -LEADER
campo de control de longitud fija 00571nam a2200181 i 4500
001 - NÚMERO DE CONTROL
campo de control 135228
003 - IDENTIFICADOR DE NÚMERO DE CONTROL
campo de control ES-MaACL
005 - FECHA Y HORA DE LA ÚLTIMA TRANSACCIÓN
campo de control 20230906194832.0
007 - CAMPO FIJO DE DESCRIPCIÓN FÍSICA--INFORMACIÓN GENERAL
campo de control de longitud fija t|
008 - DATOS DE LONGITUD FIJA--INFORMACIÓN GENERAL
campo de control de longitud fija 070712s1959 sp ||||1| spa d
080 ## - NÚMERO DE LA CLASIFICACIÓN DECIMAL UNIVERSAL
Número de la Clasificación Decimal Universal 620.19(029
100 1# - ENTRADA PRINCIPAL--NOMBRE DE PERSONA
Nombre de persona Tödt, Fritz.
9 (RLIN) 110415
245 10 - MENCIÓN DEL TÍTULO
Título Corrosión y protección /
Mención de responsabilidad, etc. fritz Tödt ; traducción española y prólogo de Francisco Muñoz del Corral.
260 ## - PUBLICACIÓN, DISTRIBUCIÓN, ETC.
Lugar de publicación, distribución, etc. Madrid :
Nombre del editor, distribuidor, etc. Aguilar,
Fecha de publicación, distribución, etc. 1959.
300 ## - DESCRIPCIÓN FÍSICA
Extensión XX, 1034 p. :
Otras características físicas il. ;
Dimensiones 24 cm.
700 1# - ENTRADA AGREGADA--NOMBRE PERSONAL
Nombre de persona Muñoz del Corral, Francisco.
9 (RLIN) 84396
852 ## - LOCALIZACIÓN
Ubicación ES-MaACL
Número de control de estantería C-17419
Sublocalización o colección R.44958
Holdings
Estatus retirado Estado de pérdida Estado de daño No para préstamo Biblioteca de origen Biblioteca actual Ubicación en estantería Fecha de adquisición Fuente de adquisición Total de préstamos Signatura topográfica completa Código de barras Visto por última vez Precio de reemplazo Tipo de ítem Koha
        Biblioteca del Ateneo de Madrid Biblioteca del Ateneo de Madrid Galería 17/01/2008     C-17419 1140748 23/02/2023 23/02/2023 Libro impreso